000 00988nam a2200277Ia 4500
005 20220317000200.0
008 141031s9999 xx 000 0 und d
020 _a9788496391116
100 1 0 _aVincent, Gabrielle
_d1928-2000
245 1 0 _aErnesto y Celestina van al fotógrafo
_ctexto e ilustraciones Gabrielle Vincent ; traducción Pilar Pablos
250 _a1a ed.
300 _a29 páginas
_bilustraciones
_c18 cm.
534 _tErnest et Célestine chez le photographe
650 1 4 _a Autores franceses
_2LEMB
650 1 4 _a Cuentos infantiles franceses
_2LEMB
650 1 4 _a Literatura infantil francesa
_2LEMB
650 1 4 _aAnimales humanizados en la literatura
_2LEMB
700 1 0 _aPablos, Pilar
_etraductora
_917534
942 _2loc
_cBK
264 _aZaragoza
_bMarenostrum
_c2008
336 _atexto
_btxt
_2rdacontent
337 _asin mediación
_bn
_2rdamedia
338 _avolumen
_bnc
_2rdacarrier
040 _aCO-BoRNBP
_bspa
_erda
_cCO-BoRNBP
084 _aC VIN1
999 _c3327
_d3327